Drapeaux des nations et territoire du Royaume-Uni - Statistiques

Statistiques générales
  • Ce quiz a été pris 74 fois
  • Le résultat moyen est 10 sur 23
Statistiques - réponses
Par images Réponse % Correct
Angleterre
98%
Écosse
98%
Pays de Galles
96%
Irlande du Nord
79%
Gibraltar
71%
Île de Man
65%
Jersey
65%
Guernesey
56%
Bermudes
46%
Îles Vierges britanniques
40%
Montserrat
35%
Îles Caïmans
33%
Anguilla
31%
Îles Malouines
31%
Sainte-Hélène
31%
Îles Pitcairn
29%
Géorgie du Sud-et-les îles Sandwich du Sud
27%
Îles Turques-et-Caïques
27%
Tristan da Cunha
25%
Ascension
23%
Territoire britannique de l'océan Indien
19%
Sercq
15%
Territoire britannique de l'Antarctique
8%
Aucun quiz correspondant
Distribution des résultats
% des personnes avec chaque résultat
Percentile par nombre de réponses
Votre historique - résultats
Vous n’avez pas pris ce quiz